Screenwriting with a conscience : (Record no. 39310)
[ view plain ]
| 000 -LEADER | |
|---|---|
| fixed length control field | 00435nam a2200145 a 4500 |
| 005 - DATE AND TIME OF LATEST TRANSACTION | |
| control field | 20140311163005.0 |
| 008 - FIXED-LENGTH DATA ELEMENTS--GENERAL INFORMATION | |
| fixed length control field | 041026s19uu xx 00 eng d |
| 050 ## - LIBRARY OF CONGRESS CALL NUMBER | |
| Classification number | PN 1996 |
| Item number | .B453 2004 |
| 100 ## - MAIN ENTRY--PERSONAL NAME | |
| Personal name | Beker, Marilyn |
| 245 ## - TITLE STATEMENT | |
| Title | Screenwriting with a conscience : |
| Remainder of title | ethics for screenwriters. |
| 300 ## - PHYSICAL DESCRIPTION | |
| Extent | 235 p. : |
| Dimensions | 23 cm. |
| 650 ## - SUBJECT ADDED ENTRY--TOPICAL TERM | |
| Topical term or geographic name as entry element | Motion picture authorship |
| General subdivision | Moral and ethical aspects. |
| 942 ## - ADDED ENTRY ELEMENTS (KOHA) | |
| Koha item type | Books |
| Source of classification or shelving scheme | Library of Congress Classification |
| Call number prefix | Foreign |
| Withdrawn status | Lost status | Source of classification or shelving scheme | Damaged status | Home library | Current library | Shelving location | Date acquired | Total Checkouts | Total Renewals | Full call number | Barcode | Date last seen | Date checked out | Copy number | Price effective from | Koha item type |
|---|---|---|---|---|---|---|---|---|---|---|---|---|---|---|---|---|
| Library of Congress Classification | College Library | College Library | General Circulation Section | 10/26/2004 | 1 | 1 | PN 1996 .B453 2004 | C5064 | 04/01/2023 | 03/20/2023 | 1 | 02/19/2014 | Books |